"T" Countries - World Map Sudden Death - Statistics

General Stats
  • This quiz has been taken 159 times
  • The average score is 8 of 12
Answers on the Grid
Answers color-coded by a green-red scale on the quiz's grid according to % correct below.
 
Answer Stats
Answer % Correct
Tajikistan, Turkey, Turkmenistan
89%
Tunisia, Turkey
83%
Thailand
81%
Togo
77%
Tonga, Tuvalu
75%
Tajikistan
71%
Tanzania
70%
Trinidad and Tobago
68%
Taiwan
61%
Tanzania
59%
Tanzania
58%
Taiwan
54%
No matching quizzes found
Score Distribution
Percent of People with Each Score
Percentile by Number Answered
Your Score History
You have not taken this quiz